| 000 | 09117cam a22013094i 4500 | ||
|---|---|---|---|
| 003 | PE-LiUPU | ||
| 005 | 20250813185421.0 | ||
| 008 | 180626s2004 mx a rb 000 0 spa d | ||
| 020 | _a8483167417 | ||
| 020 | _a9788483167410 | ||
| 035 | _a(Sirsi) a249063 | ||
| 040 |
_aPE-LiUPU _bspa _cPE-LiUPU _erda |
||
| 049 | _aPRUA | ||
| 082 | 0 | 4 |
_a361.32 _bN29 _221 |
| 100 | 1 |
_aNavarro Pedreño, Silvia, _eautor. |
|
| 245 | 1 | 0 |
_aRedes sociales y construcción comunitaria : _bcreando (con)textos para una acción social ecológica / _cSilvia Navarro Pedreño. |
| 250 | _aTercera edición. | ||
| 264 | 1 |
_aMéxico : _bCCS, _c2004. |
|
| 300 |
_a359 páginas : _bilustraciones ; _c23 centímetros. |
||
| 336 |
_atext _2rdacontent |
||
| 337 |
_aunmediated _2rdamedia |
||
| 338 |
_avolume _2rdacarrier |
||
| 490 | 0 |
_aIntervención Social ; _v6 |
|
| 504 | _aBibliografía : páginas 353-359. | ||
| 505 | 0 | _aEl ofico de escribir / construir el trabajo social -- Un salto con red a la comunidad -- Trees preguntas para empezar o tomando impulso el telón de fondo: los referentes tróricos y conceptuales para la acción -- D ela historia individual a las historias colectivas --- Viabilidad prática y rentabilidad del modelo de acción o la opción profecional por el cambio -- Esa otra soledad tan concurrida (familia, red social y oportunidades vitales) -- El cambio posible o el arte de historiar -- La familia: entre el ser y no ser -- Los profecionales: más allá de la soledad del corredor de fondo -- Y el final era el principio -- Experiencia de educación familiar en el ámbito municipal -- Situción de las experiencias: el punto de partida -- La educación familiar desde diferentes niveles de interveción: la complementariedad necesaria -- Más que conclusión, breve reflexión sobre las experiencias -- La construcción de historias --Desde el umbral, hilo a la cometa -- Lo instituido y la comunidad: durmiendo con su enemigo -- Nubosidad variable o incertidumbre como posibilidad -- Redes consturctoras de realidades y devenires sociales -- Por los bordes de nuevos proyectos: otros itinerarios, otros territorios, otros tiempos -- La caja de pandora. una experiencia grupal con mujeres y su impacto comunitario -- Desafiando al mito -- Pandora, la que da todo -- Abrir la caja o la transgresión creadora -- Y en el fondo de la caja, la esperanza -- Tiempo de interlunio. apuntes para repensar la atención social primaria -- Apología de la imaginación creadora -- Recuperar la intervención (versus gestión) -- La mirada calidoscópica -- El reto de las encrucijadas a hacia una acción social estratégica -- Lapráctica El oficio de escribir / construir el trabajo social -- Un salto con red a la comunidad -- Tres preguntas para empezar o tomando impulso el telón de fondo: los referentes teóricos y conceptuales para la acción - De la historia individual a las historias colectivas --- Viabilidad práctica y rentabilidad del modelo de acción o la opción profesional por el cambio -- Esa otra soledad tan concurrida (familia, red social y oportunidades vitales) -- El cambio posible o el arte de historiar -- La familia: entre el ser y no ser -- Los profesionales: más allá de la soledad del corredor de fondo -- Y el final era el principio -- Experiencia de educación familiar en el ámbito municipal -- Situación de las experiencias: el punto de partida -- La educación familiar desde diferentes niveles de intervención: la complementariedad necesaria -- Más que conclusión, breve reflexión sobre las experiencias -- La construcción de historias --Desde el umbral, hilo a la cometa -- Lo instituido y la comunidad: durmiendo con su enemigo -- Nubosidad variable o incertidumbre como posibilidad -- Redes constructoras de realidades y devenires sociales -- Por los bordes de nuevos proyectos: otros itinerarios, otros territorios, otros tiempos -- La caja de pandora. una experiencia grupal con mujeres y su impacto comunitario -- Desafiando al mito -- Pandora, la que da todo -- Abrir la caja o la transgresión creadora -- Y en el fondo de la caja, la esperanza -- Tiempo de interlunio. apuntes para repensar la atención social primaria -- Apología de la imaginación creadora -- Recuperar la intervención (versus gestión) -- La mirada calidoscópica -- El reto de las encrucijadas a hacia una acción social estratégica -- La práctica consciente: antídoto infalible contra inercia, abismos y naufragios -- Modelo técnico y modelo organizativo: una aproximación solidaria -- De navegantes y cantos de sirenas. lo instituido frente a la seducción de lo vivencial colectivo -- El viaje como metáfora de lo social -- Circe o sobre las tácticas de resistencia -- El silencio de la sirenas -- La extrema dignidad del náufrago -- Red social y vida cotidiana: un universo solidario. apropósito de diario de una buena vecina -- El arte de crear narrativas solidarias: ética y estética en trabajo social -- Desconstruir, construir, reconstruir el concepto de solidaridad -- El mediodía de los derechos y el crepúsculo de los deberes -- Descubrir al otro o sobre la ética del cuidado y del límite -- Atlas de geografía humana: vida cotidiana y redes sociales -- Por una pedagogía de la caricia del con-tacto -- Contra los puentes levadizos. la formación de trabajadores sociales en clave comunitaria -- Experiencia profesional y docente: un juego de espejos -- Distancias que crean abismo -- Cambiar la mirada -- Del encuentro a la identidad -- Intercambio y construcción de nuevas historias -- Aprender/enseñar a revindicar el horizonte -- Con-texto -- Una noche, más scherezade. más allá del método: imagina(c)ión y narra(c)ión en el trabajo social -- Historias peregrinas, el arte de la elocuencia -- El castillo de Hamlet o construyendo mundos posibles -- Cuando Diego descubrió el mar: aprender a mirar -- La misa de la coronación de Mozart no era la música -- El día en que Merlín perdió su magia -- Las mil y una noches que jamás escribió Julio Verne -- Recuperar los pasos perdidos o el milagro de nadar -- Y con la luz del alba, el silencio -- Crónica y balance de una experiencia inacabada. creando un modelo teórico y práctico de intervención comunitaria -- Experiencia profesional como nomadismo -- El sutil discurrir de un río: de la teoría a la práctica (y viceversa) -- Sistematización: conversaciones con la práctica (hable con ella) -- La orientación crítica del trabajo social como motor de prácticas transformadoras -- Opción por una concepción constructiva de la comunidad y delo comunitario -- Ética y estética de la práctica comunitaria: el lenguaje puede ser arma cargada de futuro -- Prácticas comunitarias y nuevos contextos por-venir Contexto ultramoderno. el paradigma de la inteligencia creadora -- Contexto organizativo. instituciones ecológicas: apertura, comunicación, flexibilidad y proximidad. | |
| 526 | _aP202 | ||
| 526 | _aP201 | ||
| 526 | _aP163 | ||
| 526 | _aP162 | ||
| 526 | _aP161 | ||
| 526 | _aP160 | ||
| 526 | _aP148 | ||
| 526 | _aP147 | ||
| 526 | _aP146 | ||
| 526 | _aP145 | ||
| 526 | _aP144 | ||
| 526 | _aP143 | ||
| 526 | _aP142 | ||
| 526 | _aP141 | ||
| 526 | _aP140 | ||
| 526 | _aP139 | ||
| 526 | _aP138 | ||
| 526 | _aP137 | ||
| 526 | _aP136 | ||
| 526 | _aP135 | ||
| 526 | _aP134 | ||
| 526 | _aP133 | ||
| 526 | _aP129 | ||
| 526 | _aP128 | ||
| 526 | _aP127 | ||
| 526 | _aP120 | ||
| 526 | _aP119 | ||
| 526 | _aP118 | ||
| 526 | _aP116 | ||
| 526 | _aP115 | ||
| 526 | _aP114 | ||
| 526 | _aP110 | ||
| 526 | _aP109 | ||
| 526 | _aP108 | ||
| 526 | _aP104 | ||
| 526 | _aP103 | ||
| 526 | _aP102 | ||
| 526 | _aP99 | ||
| 526 | _aP98 | ||
| 526 | _aP97 | ||
| 526 | _aP96 | ||
| 526 | _aP95 | ||
| 526 | _aP93 | ||
| 526 | _aP90 | ||
| 526 | _aP89 | ||
| 526 | _aP88 | ||
| 526 | _aP83 | ||
| 526 | _aP82 | ||
| 526 | _aP62 | ||
| 526 | _aP59 | ||
| 526 | _aP58 | ||
| 526 | _aP57 | ||
| 526 | _aP51 | ||
| 526 | _aP49 | ||
| 526 | _aP48 | ||
| 526 | _aP47 | ||
| 526 | _aP29 | ||
| 526 | _aP24 | ||
| 526 | _aP20 | ||
| 526 | _aP19 | ||
| 526 | _aP17 | ||
| 526 | _aP15 | ||
| 526 | _aP14 | ||
| 526 | _aP12 | ||
| 526 | _aP10 | ||
| 526 | _aP09 | ||
| 526 | _aP08 | ||
| 526 | _aP07 | ||
| 526 | _aP06 | ||
| 526 | _aP05 | ||
| 526 | _aP04 | ||
| 526 | _aP01 | ||
| 541 | _gF002-00000083; | ||
| 650 | 0 | 4 | _aDesarrollo de la comunidad. |
| 650 | 0 | 4 | _aInteracción social. |
| 650 | 0 | 4 |
_aRelaciones interpersonales. _95210 |
| 650 | 0 | 4 | _aRedes sociales. |
| 650 | 0 | 4 | _aCommunity development. |
| 650 | 0 | 4 | _aSocial interaction. |
| 650 | 0 | 4 | _aRelationships. |
| 650 | 0 | 4 | _aSocial networks. |
| 910 |
_adbm _bjpc _cjpc _d20180626 |
||
| 942 |
_2ddc _cBOOK |
||
| 994 |
_aC0 _bPEPRU |
||
| 596 | _a1 | ||
| 999 |
_a361.32 N29 _wDEWEY _c28659 _i78796 _f2021-11-3 _g4 _lCCODEBUL1 _mBUL _p25.00 _r0 _sY _tBOOK _u2018-6-26 _xSALUD _zP33 _0COMPRA _1FCOMPRA _o.STAFF. Colección Ciencias de la Salud _d28659 |
||
| 980 |
_81 _gALBERTO SANCHEZ Responsable de Automatización |
||